书目信息

书名: 乡村创业与农民增收的8个关键 
作者: 李春蕾 主编
出版信息: 北京   中华工商联合出版社  2020.1
开本页数: 21cm  279页
丛书名:
单 册:
中图分类: F324
科图分类:
主题词: 农业经济--nong ye jing ji--创业--研究--中国
电子资源:
ISBN: 978-7-5158-2667-7
000 00925nam0 2200241 450
001 012021000559
005 20210706082613.8
010    @a978-7-5158-2667-7@dCNY24.90
100    @a20210706d2020 em y0chiy50 ea
101 @achi
102    @aCN@b110000
105    @ay a 000yy
106    @ar
200 @a乡村创业与农民增收的8个关键@Axiang cun chuang ye yu nong min zeng shou de 8ge guan jian@f李春蕾主编
210    @a北京@c中华工商联合出版社@d2020.1
215    @a279页@d21cm
320    @a有书目
330    @a本书共分为八部分, 分别为: 创业与增收有不能不知道的国家支持政策; 不打无准备之仗--你准备好创业了吗; 创业项目选择与市场定位; 创业计划, 成功有保障; 管理做得好, 收入才能高; 树立品牌形象, 让收入更有保障等。
606 @a农业经济@Anong ye jing ji@x创业@x研究@y中国
690    @aF324@v5
701  0 @a李春蕾@Ali chun lei@4主编
801  0 @aCN@bCDNYKJZYXY@c20210706
905    @aCDNYKJZYXY@b300629067-9@dF324@e57@f3
    
    乡村创业与农民增收的8个关键/李春蕾主编.-北京:中华工商联合出版社,2020.1
    279页;21cm
    
    
    ISBN 978-7-5158-2667-7:CNY24.90
    本书共分为八部分, 分别为: 创业与增收有不能不知道的国家支持政策; 不打无准备之仗--你准备好创业了吗; 创业项目选择与市场定位; 创业计划, 成功有保障; 管理做得好, 收入才能高; 树立品牌形象, 让收入更有保障等。
相关链接 在五车中查询图书 在当当中查询图书 在豆瓣中查询图书


正题名:乡村创业与农民增收的8个关键     索取号:F324/57         预约/预借

序号 登录号 条形码 馆藏地/架位号 状态 备注
1 629067   300629067   柳城-5楼/12架2列3层/ [索取号:F324/57] 在馆    
2 629068   300629068   柳城-5楼/12架2列3层/ [索取号:F324/57] 在馆    
3 629069   300629069   柳城-5楼/12架2列3层/ [索取号:F324/57] 在馆